000 00622nam a22002297a 4500
003 UA-OsUOA
001 49113
007 ta
008 20070921b un ||||| |||| 00| 0 ukr d
100 _aЗемлянова Л.
090 _a82.09
_bЗ-51
942 _cBK
040 _aUA-OsUOA
_brus
_cUA-OsUOA
_dUA-OsUOA
245 _aСовременная американская фольклористика
300 _a311 с.
955 _a1
041 _arus
080 _a82.09
260 _aМ.
_bНаука
_c1975
650 7 _a82 Література. Літературознавство
_2UDC
999 _c335217
_d335217